LEADER 01512nam a2200301 i 4500 001 000000176913 003 CaOOAMICUS 005 20090223000000.0 008 090223s2008 it u000 u ita u 013 $a154414 020 $a978-88-8166-288-3 040 $aSeMil$bita 100 1 $aCorzo, José Luis .$0(OLS)http://semarc/name/45248 240 10$aLorenzo Milani, maestro cristiano.$0(OLS)http://semarc/title/254051 245 10$aLorenzo Milani :$banalisi spirituale e interpretazione pedagogica /$cJosé Luis Corzo ; edizione italiana a cura di Fulvio C. Manara ; postfazione di Paolo Perticari ; con una nota di Michele Ranchetti ; [trad. di Monica Serena]. 260 $aTroina :$bServitium,$c[2008] 300 $a478 p. ;$c22 cm. 600 14$aMilani, Lorenzo .$0(OLS)http://semarc/subject/9740 700 1 $aManara, Fulvio Cesare.$0(OLS)http://semarc/name/65836 700 1 $aSerena, Monica.$0(OLS)http://semarc/name/65838 700 1 $aRanchetti, Michele,$d<1925- >.$0(OLS)http://semarc/name/4479 700 1 $aPerticari, Paolo.$0(OLS)http://semarc/name/65837 850 $aSeMil 852 $aSeMil$W1$xVenegono$y1$m3G V 136$j127727$B127727$CSeMilBibl$Z2$F138368 $81 961 $aAcquisto: DEA 996 $6020$a978-88-8166-288-3$9(OLS)http://semarc/number/165622 996 $6245$aLorenzo Milani :$banalisi spirituale e interpretazione pedagogica$9(OLS)http://semarc/title/254050 996 $6260$aTroina :$bServitium$9(OLS)http://semarc/publisher/48664 LEADER 01303nam a2200313 i 4500 001 000000195573 003 CaOOAMICUS 005 20181025160247.0 008 110209s2009 it u000 u ita u 013 $a174250 020 $a978-88-6081-451-7 040 $aSeMil$bita 100 1 $aBuber, Martin,$d<1878-1965>.$0(OLS)http://semarc/name/13483 240 10$aReden über Erziehung.$0(OLS)http://semarc/title/282209 245 10$aDiscorsi sull'educazione /$cMartin Buber ; a cura di Anna Aluffi Pentini. 260 $aRoma :$bArmando,$c2009. 300 $a108 p. ;$c22 cm. 490 0 $aCultura e società [Armando] 600 14$aBuber, Martin <1878-1965>.$0(OLS)http://semarc/subject/44860 650 4$aEducazione.$0(OLS)http://semarc/subject/204 700 1 $aAluffi Pentini, Anna.$0(OLS)http://semarc/name/70960 830 0$aCultura e società.$0(OLS)http://semarc/title/25666 850 $aSeMil 852 $aSeMil$W1$xVenegono$y1$m2Q II 121$j146142$B146142$CSeMilBibl$Z2$F160130 $81 961 $aAcquisto: L.S. srl 996 $6020$a978-88-6081-451-7$9(OLS)http://semarc/number/187310 996 $6245$aDiscorsi sull'educazione$9(OLS)http://semarc/title/282208 996 $6260$aRoma :$bArmando$9(OLS)http://semarc/publisher/29857